Music Quiz

Random Music or Song Quiz

Taylor Swift Discography (2019) Quiz Stats

 Plays Quiz not verified by Sporcle

Score 0/108 Timer 14:00
0 Plays Today
% Correct
ME!
98%
Fearless
95.9%
You Belong With Me
95.9%
Speak Now
95.9%
...Ready For It?
93.9%
Look What You Made Me Do
93.9%
Lover
93.9%
You Need To Calm Down
93.9%
Our Song
91.8%
Red
91.8%
22
91.8%
We Are Never Ever Getting Back Together
91.8%
Wildest Dreams
91.8%
Tim McGraw
89.8%
Love Story
89.8%
Mine
89.8%
Blank Space
89.8%
Out Of The Woods
89.8%
The Man
89.8%
Cornelia Street
89.8%
Daylight
89.8%
Mean
87.8%
All Too Well
87.8%
Begin Again
87.8%
Shake It Off
87.8%
Gorgeous
87.8%
Getaway Car
87.8%
The Archer
87.8%
Picture To Burn
85.7%
Should've Said No
85.7%
Fifteen
85.7%
Dear John
85.7%
Enchanted
85.7%
I Knew You Were Trouble.
85.7%
Dress
85.7%
I Forgot That You Existed
85.7%
% Correct
Cruel Summer
85.7%
Soon You'll Get Better
85.7%
Sparks Fly
83.7%
Style
83.7%
Clean
83.7%
Delicate
83.7%
So It Goes...
83.7%
Beautiful Eyes
83.7%
White Horse
81.6%
Back To December
81.6%
Welcome To New York
81.6%
End Game
81.6%
Don't Blame Me
81.6%
King Of My Heart
81.6%
Call It What You Want
81.6%
New Year's Day
81.6%
Paper Rings
81.6%
False God
81.6%
It's Nice To Have A Friend
81.6%
Mary's Song (Oh My My My)
79.6%
Hey Stephen
79.6%
Innocent
79.6%
Long Live
79.6%
State Of Grace
79.6%
Everything Has Changed
79.6%
Bad Blood
79.6%
Miss Americana & The Heartbreak Prince
79.6%
London Boy
79.6%
Teardrops On My Guitar
77.6%
Cold As You
77.6%
The Best Day
77.6%
Change
77.6%
Stay Stay Stay
77.6%
Holy Ground
77.6%
I Did Something Bad
77.6%
Dancing With Our Hands Tied
77.6%
% Correct
This Is Why We Can't Have Nice Things
77.6%
Afterglow
77.6%
Tied Together With A Smile
75.5%
Treacherous
75.5%
The Last Time
75.5%
All You Had To Do Was Stay
75.5%
Breathe
73.5%
The Story Of Us
73.5%
Better Than Revenge
73.5%
Haunted
73.5%
Last Kiss
73.5%
Starlight
73.5%
I Know Places
73.5%
This Love
73.5%
Death By A Thousand Cuts
71.4%
Stay Beautiful
69.4%
Forever & Always
69.4%
Never Grow Up
69.4%
I Almost Do
69.4%
I Wish You Would
69.4%
I Think He Knows
69.4%
The Outside
67.3%
The Lucky One
67.3%
Tell Me Why
65.3%
Sad Beautiful Tragic
65.3%
You're Not Sorry
63.3%
The Way I Loved You
63.3%
Santa Baby
63.3%
How You Get The Girl
61.2%
A Place In This World
59.2%
Last Christmas
53.1%
I Heart ?
53.1%
Silent Night
46.9%
White Christmas
44.9%
Christmases When You Were Mine
44.9%
Christmas Must Be Something More
40.8%

You're not logged in!

Compare scores with friends on all Sporcle quizzes.
OR
Log In

Sporcle TV

Today on Sporcle TV


Watch our educational content, quiz creation guides, and fun videos on Sporcle TV.

Show Comments

Extras

Top Quizzes Today


Score Distribution

Your Account Isn't Verified!

In order to create a playlist on Sporcle, you need to verify the email address you used during registration. Go to your Sporcle Settings to finish the process.

Report this User

Report this user for behavior that violates our Community Guidelines.

Details: